1684 1263 1327 1799 1237 1229 1482 1826 1070 1687 1785 1869 1062 1872 1659 1566 1776 1754 1727 1203 1634 1916 1813 1755 1227 1416 1184 1592 1020 1816 1361 1020 1210 1239 1327 1902 1875 1076 1558 1571 1272 1798 1272 1703 1854 1972 1900 1351 1766 1046 1033 1054 1765 1596 1962 1108 1154 1690 1295 1720 1911 1364 1682 1920 1306 1542 1914 1247 1728 1000 1009 1922 1013 1591 1003 1458 1000 1725 1538 1131 1611 1183 1270 1203 1273 1687 1312 1447 1219 1635 1348 1137 1916 1032 1506 1297 1837 1641 1912 BCNSPRNW ULIB Ver.6.0+V

เปลี่ยนเป็นภาษาไทย

Change to English
 แสดงรายละเอียดบรรณานุกรม
  กลับหน้าหลัก

Brief Record : Get Marc (ISO 2709) : E-mail record : QR code < ปิดหน้าต่าง
LEADER : 00000nam 2200000uu 4500
001    13399124211
003     ULIB
008    150127s2556||||th 000 0 tha d
020    ^a9786169159308
060 04 ^aQZ200^bส852ส
100 0  ^aสุรพล รักปทุม
245 10 ^aสู้มะเร็งด้วยหลินจือ /^cสุรพล รักปทุม
250    ^aพิมพ์ครั้งแรก.
260    ^aกรุงเทพฯ :^bธนบุรีคลินิกเวชกรรม,^c2556.
300    ^a116 หน้า : ภาพประกอบ ;^c21 ซม.
500    ^aSend to Single Search.
650  4 ^aมะเร็ง^xการรักษา
650  4 ^aสารก่อมะเร็ง
650  2 ^aNeoplasms.
650  2 ^aCarcinoma.
700 0  ^aนพชัย แดงดีเลิศ, บรรณาธิการ
945    ^p120^l0^i039022
945    ^p120^l0^i039023
945    ^p120^l0^i039024
999    ^aเกษร โพธิ์สุวรรณ
รายการนี้ยังไม่มีแท็ก
คุณยังไม่ได้ล็อกอิน คุณสามารถมีกิจกรรมร่วมกับเว็บไซต์ได้ แต่ต้องล็อกอินก่อน ::
  ล็อกอิน

รายการสื่อสารสนเทศ

ลำดับที่ ประเภท เลขเรียก/บาร์โค้ด สถานที่ สถานะ
1. วิทยาศาสตร์การแพทย์ และสุขภาพ
หนังสือสำรอง
สถานะ=หนังสือสำรอง
QZ200 ส852ส ฉ.1 
  Barcode: 039022
ห้องสมุดวิทยาเขตสวรรค์ประชารักษ์
►ส่วนจัดเก็บหนังสือเก่า สปร
บนชั้น
  ขอยืม
2. วิทยาศาสตร์การแพทย์ และสุขภาพ
วิทยาศาสตร์การแพทย์ และสุขภาพ
QZ200 ส852ส ฉ.2 
  Barcode: 039023
ห้องสมุดวิทยาเขตสวรรค์ประชารักษ์
►ส่วนจัดเก็บหนังสือเก่า สปร
บนชั้น
  ขอยืม
3. วิทยาศาสตร์การแพทย์ และสุขภาพ
วิทยาศาสตร์การแพทย์ และสุขภาพ
QZ200 ส852ส ฉ.3 
  Barcode: 039024
ห้องสมุดวิทยาเขตสวรรค์ประชารักษ์
►ส่วนจัดเก็บหนังสือเก่า สปร
บนชั้น
  ขอยืม

รายการใกล้เคียง
    ผู้แต่ง [สุรพล รักปทุม]

    หัวเรื่อง [มะเร็ง การรักษา]
    หัวเรื่อง [สารก่อมะเร็ง]
    หัวเรื่อง [Neoplasms.]
    หัวเรื่อง [Carcinoma.]

BibComment


ยังไม่เคยถูกคอมเมนท์

คอมเมนท์ทรัพยากรรายการนี้
  คอมเมนท์: สู้มะเร็งด้วยหลิ..


 Copyright 2026. Bcnsprnw @Library